000 00309nam a22001337a 4500
020 _a0-439-35640-7
082 _a823
_bCLE/E
100 _aCLEARY, BEVERLY
245 _aEMILY'S RUNAWAY IMAGINATION
260 _aNEW YORK
_bSCHOLASTIC INC
_c1961
300 _a196
650 _aNOVEL
_zUNITED STATES
942 _cBK
999 _c3040
_d3040